| 000 | 01567cam a22002891i 4500 | ||
|---|---|---|---|
| 003 | SA-RiAUC | ||
| 005 | 20240926133903.0 | ||
| 008 | 240925s1992 su a g 000 0 ara c | ||
| 040 |
_aSA-EnSBSSC _bara _cSA-RiAUC _erda |
||
| 050 | 4 | _bI26 1992 | |
| 082 | 0 | 4 | _a234.85 |
| 090 |
_a234.85 _bا ب ن ع |
||
| 100 | 1 |
_aابن عبد البر، يوسف بن عبد الله بن محمد، _d368-463 هجري _eمؤلف. |
|
| 245 | 1 | 0 |
_aكتاب الاستغناء في معرفة المشهورين من حملة العلم بالكنى : _bوهو مشتمل على 3 كتب في الكنى/ _cتأليف أبي عمر يوسف بن عبد الله بن عبد البر النمري القرطبي ؛ دراسة وتحقيق وتخريج عبد الله مرحول السوالمة. |
| 246 | 3 | 0 | _aالاستغناء في معرفة المشهورين من حملة العلم بالكنى |
| 250 | _aالطبعة الثانية. | ||
| 264 | 1 |
_aالرياض : _bدار ابن تيمية للنشر والتوزيع والإعلام، _c1992 |
|
| 300 |
_a3 مجلد (1997 صفحة ) : _bإيضاحيات ؛ _c24 سم |
||
| 336 |
_aنص _btxt _2rdacontent _3كتاب |
||
| 337 |
_aبدون وسيط _bn _2rdamedia |
||
| 338 |
_aمجلد _bnc _2rdacarrier |
||
| 650 | 7 |
_aالأسماء والكنى والألقاب والأنساب في الحديث _2aucsh |
|
| 651 | 7 |
_aنجد (السعودية) _xتاريخ _2aucsh |
|
| 700 | 1 |
_aالسوالمة، عبد الله مرحول _eمحقق. |
|
| 942 |
_2ddc _cBOOK _n0 |
||
| 949 |
_aSA-JeALM _d240925 _umohamedma123 _n1 |
||
| 999 |
_c566 _d566 |
||